000 nam a22 7a 4500
999 _c22120
_d22120
008 170123b xxu||||| |||| 00| 0 eng d
050 _aNA1995
_b.M3 1962
100 _aMcLaughlin,Robert W.
245 _aArchitect :
_bcreating Man's Environment /
_cRobert W.McLaughlin
260 _aNew York :
_bThe Macmillan Company,
_cc1962
300 _axvi,201p. :
942 _2lcc
_cBOOKS
_hNA1995 .M3 1962